01209 2200349 4500001002100000005001500021035002000036007000300056008004100059020002200100082001700122084001900139100003100158245019800189250003100387300003800418650002500456700002900481700003500510700003200545700003200577264004200609336002100651337003000672338002300702040002200725090002200747850001200769504003400781999002200815990002200837INLIS00000000089880320250807015515 a0010-0825000237ta250807s2025 yoia g ind d a978-623-496-244-404223a615.1068 a615.1068 SYI m0 aSyifaur Rohmah,ePengarang10aManajemen farmasi :bprinsip, praktik, serta aplikasi di dunia industri dan pelyanan kesehatan /cSyifaur Rohmah, Siti Munisih, Wulan Kartika Sari, Sulistiyanto W.S; penyunting, M. Arif Budiman aCetakan pertama, Juni 2025 avi, 108 halaman :btabel ;c21 cm 4aFarmasi--xManajemen0 aSiti Munisih,ePengarang0 aWulan Kartika Sari,ePengarang0 aSulistiyanto W.SePengarang0 aM. Arif BudimanePenyunting31aSleman :bSelfietera Indonesia,c2025 2rdacontentateks 2rdamediaatanpa perantara 2rdacarrieravolume aYOPDYOGbinderda aCB-D.11 2025-2345 aYOPDYOG aBibliografi : halaman 107-108 aCB-D.11/2025-2345 aCB-D.11/2025-2345